000 00842cam a2200217 4500
001 WB3648-39
008 000000n2000 000 0 eng u
035 _a(Sirsi) u109770
245 _aDebt and farmland sales
260 _c2000
490 _aFarmers' Weekly
_v133(19) 1 December 2000, 90(1)
520 _aLatest research from FPDSavills suggests that debt is once again a more relevant factor in land market supply. In the early 1990s it was a major reason for sales, but the percentage has dropped in recent years. Considers the implications of the research findings, and other possible reasons for the growth of the land market in 2000. Graph.
590 _aWB
650 _aFPD SAVILLS
650 _aDEBT
650 _aFARMLAND
650 _aLAND MARKET
650 _aLAND SALES
690 _aRURAL-MARKET
942 _n0
999 _c65515
_d65515